000 00226nam a2200097Ia 4500
008 170619s9999 xx 000 0 und d
100 _aKapoor J N
245 0 _aMathematical Statistics
260 _bNew Delhi: S Chand
260 _c2001
546 _aENGLISH
999 _c16057
_d16057